| 000 | 00412nam a2200133Ia 4500 | ||
|---|---|---|---|
| 008 | 191014s9999 xx 000 0 und d | ||
| 020 | _a981-02-3656-5 | ||
| 082 |
_a538.3 _bFIS |
||
| 100 |
_aZachary Fisk, Lev Gorkov, Robert Schrieffer _920583 |
||
| 245 | 0 | _aProceedings of the Physical Phenomena at High Magnetic Fields-III | |
| 260 |
_aSs _bWorld Scientific Company _c1999 |
||
| 300 | _aXxv,675 | ||
| 942 | _cBK | ||
| 999 |
_c531178 _d531178 |
||